| 000 | 00563nam a2200181 i 4500 | ||
|---|---|---|---|
| 001 | 129015 | ||
| 003 | ES-MaACL | ||
| 005 | 20230906193424.0 | ||
| 007 | t| | ||
| 008 | 070601s1967 ve ||||1| spa d | ||
| 080 | _a012 Rosenblat, Angel | ||
| 100 | 1 |
_aTejera, María Josefina. _9109580 |
|
| 245 | 1 | 0 |
_aAngel Rosenblat / _cpor María Josefina Tejera. |
| 260 |
_aCaracas (Venezuela) : _b[s.n.], _c1967 ( _fImp. Universitaria) |
||
| 300 |
_a82 p. : _bil. ; _c16 cm. |
||
| 710 | 2 |
_aUniversidad Central de Venezuela. _97083 |
|
| 852 |
_aES-MaACL _jC-42110 _bR.78204 |
||
| 999 |
_c129015 _d129015 |
||